<?xml version="1.0" encoding="UTF-8"?>
<marc:record xmlns:marc="http://www.loc.gov/MARC21/slim">
   <marc:leader>00000nam a2200000 a 4500</marc:leader>
   <marc:datafield ind1="1" ind2=" " tag="100">
      <marc:subfield code="a">Schlageter, Holger</marc:subfield>
      <marc:subfield code="4">aut</marc:subfield>
      <marc:subfield code="e">Verfasser/-in</marc:subfield>
   </marc:datafield>
   <marc:datafield ind1="0" ind2="0" tag="245">
      <marc:subfield code="a">Das Geheimnis gelassener Erziehung</marc:subfield>
   </marc:datafield>
   <marc:datafield ind1="0" ind2="0" tag="245">
      <marc:subfield code="b">wie Eltern das richtige Maß finden</marc:subfield>
   </marc:datafield>
   <marc:datafield ind1="0" ind2="0" tag="245">
      <marc:subfield code="c">Holger Schlageter</marc:subfield>
   </marc:datafield>
   <marc:datafield ind1=" " ind2="1" tag="264">
      <marc:subfield code="a">Frankfurt</marc:subfield>
      <marc:subfield code="b">Krüger</marc:subfield>
      <marc:subfield code="c">2009</marc:subfield>
   </marc:datafield>
   <marc:datafield ind1="1" ind2=" " tag="520">
      <marc:subfield code="a">Unsere Kinder sind überversorgt und unterfordert: Zu viel Geld, zu viel Watte. Dabei wollen wir es nur richtig machen. Aber von der Angst getrieben, als Erziehende zu versagen, schießen wir übers Ziel hinaus. Das Resultat sind Kinder, die keine Grenzen kennen, die zu orientierungslosen und ängstlichen Erwachsenen werden, die es nie gelernt haben zurückzustecken, Niederlagen zu meistern, Verantwortung zu übernehmen und im Team zu arbeiten. Der Psychologe und Pädagoge Holger Schlageter zeigt den Weg zum rechten Maß in der Erziehung. Mit Blick auf die wunderbaren Möglichkeiten, Kinder zu gesunden Persönlichkeiten zu erziehen und zu entwickeln &#x96; gelassen und ohne Angst.</marc:subfield>
   </marc:datafield>
   <marc:datafield ind1=" " ind2=" " tag="020">
      <marc:subfield code="a">9783810518422</marc:subfield>
      <marc:subfield code="9">9783810518422</marc:subfield>
   </marc:datafield>
   <marc:datafield ind1=" " ind2=" " tag="020">
      <marc:subfield code="a">3810518425</marc:subfield>
      <marc:subfield code="9">3810518425</marc:subfield>
   </marc:datafield>
   <marc:datafield ind1=" " ind2=" " tag="300">
      <marc:subfield code="a">246 S.</marc:subfield>
   </marc:datafield>
</marc:record>
